| 000 | 00531nam a2200193Ia 4500 | ||
|---|---|---|---|
| 005 | 20250508164144.0 | ||
| 008 | 008 250505s9999 xx 000 0 eng d | ||
| 037 | _aTextBook | ||
| 040 |
_aFEDL _beng _cFEDL |
||
| 041 |
_aeng _2eng |
||
| 084 |
_a157, CAR/R _qFEDL |
||
| 100 |
_aCarson Robert C and others _9777286 |
||
| 245 | 0 | _aAbnormal psychology and modern life | |
| 250 | _a11 | ||
| 260 |
_aDelhi, India _bPearson Education _c2000 |
||
| 300 | _a742p. | ||
| 942 |
_cTB _h157, CAR/R |
||
| 999 |
_c1387354 _d1387354 |
||